000 00682nam a2200253Ia 4500
003 OSt
005 20220912151115.0
006 a|||||r|||| 00| 0
007 ta
008 220909b |||||||| |||| 00| 0 eng d
024 _a44963
037 _cTextual
040 _aCSL
_beng
_cCSL
041 _aeng
082 _aH.4g7Hun1,N71, L4
100 _aJhingran A G Ed.
245 0 _aHimalayan geology
260 _aDelhi
_bWadia institute of himalayan geology
_c1974
300 _aviii,666p.
_ccm.
650 _aGeology
700 _a Verma P K Ed.
942 _hH.4g7Hun1,N71, L4
_cTEXL
_2CC
999 _c61389
_d61389